Sports Quiz

Random Sports or Logo Quiz

College Logos of 1960 Quiz Stats

 Plays Quiz not verified by Sporcle

Score 0/20 Timer 06:00
0 Plays Today
% Correct
Arkansas
96.7%
Boston College
93.2%
Auburn
92.2%
Nebraska
89.9%
Harvard
88.9%
Ohio State
88.1%
Temple
83.3%
Michigan
82.4%
Miami (FL)
79.8%
Washington
78.6%
% Correct
Wisconsin
73.5%
Dartmouth
68.2%
Clemson
57.1%
Rice
54.7%
San Jose State
53.7%
Drake
37.1%
Pittsburgh
36.4%
Columbia
27.4%
Eastern Michigan
25.7%
Washington State
9.8%

You're not logged in!

Compare scores with friends on all Sporcle quizzes.
OR
Log In

You Might Also Like...

Show Comments

Extras

Top Quizzes Today


Score Distribution

Your Account Isn't Verified!

In order to create a playlist on Sporcle, you need to verify the email address you used during registration. Go to your Sporcle Settings to finish the process.

Report this User

Report this user for behavior that violates our Community Guidelines.

Details: